| 000 | 00550nam a2200193 a 4500 | ||
|---|---|---|---|
| 005 | 20240823063809.0 | ||
| 008 | 991125s1964 ag 000 0 spa u | ||
| 035 | _aUPN01000049357 | ||
| 049 | _aCG | ||
| 050 | 4 |
_aBF637 C5 _bB5.6 1964 |
|
| 100 | 1 |
_aBleger, José, _d1923-1972 _935272 |
|
| 245 | 1 | 0 |
_aPsicología de la conducta / _cJosé Bleger. |
| 250 | _a2a ed. rev. y act. | ||
| 260 |
_aBuenos Aires : _bEUDEBA, _c1964. |
||
| 300 | _a243 p. | ||
| 440 | 0 |
_aTemas de EUDEBA. _pPsicología |
|
| 650 | 4 |
_aConducta (Psicología) _94460 |
|
| 905 | _aLibro | ||
| 999 |
_c49357 _d49357 |
||